| 000 | 00285nam a22000857a 4500 | ||
|---|---|---|---|
| 999 |
_c515449 _d515449 |
||
| 100 |
_aJoshi, G. V. (ed.) _921024 |
||
| 245 |
_aProblems and prospects of rural banking in India: _bA long term perspective _cedited by G. V. Joshi |
||
| 260 |
_aMangalagangothri _bMangalore _c1997 |
||
| 300 | _a250p. | ||